Rubber planting technology at chup rubber plantion company, ការងារដាំដុះដំណាំកៅស៊ូនៅ ក្រុមហ៊ុនចំការកៅស៊ូជុប (Record no. 1320)

000 -LEADER
fixed length control field 00557nam a22001577a 4500
003 - CONTROL NUMBER IDENTIFIER
control field OSt
005 - DATE AND TIME OF LATEST TRANSACTION
control field 20150927101246.0
008 - FIXED-LENGTH DATA ELEMENTS--GENERAL INFORMATION
fixed length control field 150927b xxu||||| |||| 00| 0 eng d
040 ## - CATALOGING SOURCE
Transcribing agency RUA
082 ## - DEWEY DECIMAL CLASSIFICATION NUMBER
Classification number AGR THO B018 1997 Or.1
100 ## - MAIN ENTRY--PERSONAL NAME
9 (RLIN) 1405
Personal name THONG, AUN.
245 ## - TITLE STATEMENT
Title Rubber planting technology at chup rubber plantion company, ការងារដាំដុះដំណាំកៅស៊ូនៅ ក្រុមហ៊ុនចំការកៅស៊ូជុប
260 ## - PUBLICATION, DISTRIBUTION, ETC. (IMPRINT)
Place of publication, distribution, etc. Phnom Penh
Name of publisher, distributor, etc. RUA
Date of publication, distribution, etc. 1997
300 ## - PHYSICAL DESCRIPTION
Extent 76p.
Other physical details ill.
Dimensions 29cm.
942 ## - ADDED ENTRY ELEMENTS (KOHA)
Source of classification or shelving scheme
Koha item type AGR
Holdings
Price effective from Date last seen Permanent Location Not for loan Date acquired Source of classification or shelving scheme Koha item type Barcode Lost status Damaged status Shelving location Withdrawn status Current Location Full call number
2015-09-272015-09-27Library Block B 2015-09-27 AGRRUA008448  B018 Library Block BAGR THO B018 1997 Or.1
មជ្ឈមណ្ឌលឯការនៃសាកលវិទ្យាល័យភូមិន្ទកសិកម្មចំការដូង

Powered by Koha